| 000 | 01330cam a22003737a 4500 | ||
|---|---|---|---|
| 003 | CHAP | ||
| 005 | 20220817042734.0 | ||
| 008 | 971013s1964 r 00010 d | ||
| 010 | _a54061 | ||
| 011 | _a55033 | ||
| 035 | _a59185 | ||
| 040 | _cCHAP | ||
| 082 |
_a323.35 _bP6 1964 |
||
| 100 | 0 | 0 |
_aPozas Arciniega, Ricardo. _991193 |
| 245 | 1 | 3 |
_aEl desarrollo de la comunidad _b: técnicas de investigación social |
| 250 | _a3 ed. | ||
| 260 |
_aMéxico : _bUNAM, _c1964 |
||
| 300 | _a306 p. | ||
| 490 | 0 | _aManuales universitarios | |
| 590 |
_aBATCH-UPD _b10 _c20130110 _lUCH01 _h0028 |
||
| 590 |
_aBATCH-UPD _b10 _c20130110 _lUCH01 _h0726 |
||
| 590 |
_aBATCH-UPD _b10 _c20130410 _lUCH01 _h0410 |
||
| 590 |
_aBATCH-UPD _b10 _c20130914 _lUCH01 _h0937 |
||
| 590 |
_aCONVERSION _b10 _c20130109 _lUCH01 _h1329 |
||
| 650 | 1 | 4 |
_aCiencias sociales _xMetodología. _923230 |
| 650 | 1 | 4 |
_aDesarrollo de la comunidad. _931967 |
| 710 | 0 | _aUniversidad Nacional Autónoma de México. | |
| 830 | 0 |
_aManuales universitarios _970710 |
|
| 901 | _aBK | ||
| 942 | _cLIBRO | ||
| 949 |
_a323.35 P6 1964 _bBC _cLIBRO _d33724000298568 _eLIBRO _h15707 _i59185 _mD _si _t20.00 |
||
| 949 |
_a323.35 P6 1964 _bBC _cLIBRO _d33724000298576 _eLIBRO _fc.3 _h77011 _i59185 _si _t20.00 |
||
| 949 |
_a323.35 P6 1964 _bBC _cLIBRO _d33724000300182 _eLIBRO _fc.2 _h43832 _i59185 _si _t20.00 |
||
| 999 |
_c54061 _d54061 |
||